02069cam a2200433 a 4500999001900000001000900019003000500028005001700033008004100050010001700091015001900108016001800127020002500145020002500170035002400195038001000219040007100229042001400300050002300314082001900337100002400356245009100380246004200471250001200513260005300525300003200578490003100610500007000641504006800711505027400779520028601053650002201339700003201361700003101393830003301424906004501457942001201502952012101514 c330919d33091917298465NUST20200930103357.0120515s2013 enka b 001 0 eng d a 2012939735 aGBB2968472bnb7 a0161771182Uk a9781446252536 (hbk.) a9781446252536 (pbk.) a(OCoLC)ocn811731545 aAZHAR aUKMGBbengcUKMGBdOCLCOdYDXCPdCDXdYNKdBWXdAU@dIBSdIULdDLC alccopycat00aBF637.C6bM39 201304a361.06 MEA2231 aMearns, Dave.9411310aPerson-centred counselling in action /cDave Mearns and Brian Thorne with John McLeod.3 aPerson-centered counselling in action a4th ed. aLondon ;aThousand Oaks, Calif. :bSAGE,cc2013. ax, 228 p. :bill. ;c24 cm.1 aSAGE counselling in action aPrevious ed.: published as by Dave Mearns and Brian Thorne. 2007. aIncludes bibliographical references (p. [208]-223) and indexes.0 aBasic theory of the person-centred approach -- Recent developments in person-centred theory -- The counsellor's use of the self -- Empathy -- Unconditional positive regard -- Congruence -- 'Beginnings' -- 'Middles' -- 'Endings' -- Reseach on person-centred counselling. aThis important Fourth Edition maintains the book's accessibility, clarity and verve whilst incorporating new developments in the approach. John McLeod joins authors Dave Mearns and Brian Thorne to contribute an exciting new chapter on research relevant to the person-centred field. 0aCounseling.940001 aThorne, Brian,d1937-941141 aMcLeod, John,d1951-94115 0aCounselling in action.94116 a7bcbcccopycatd2encipf20gy-gencatlg 2ddccBK 00102ddc4070aCLbCLcGENd2017-08-24l3o158.1 MEApS3H-C-50q2025-11-07r2025-10-08s2025-10-08w2017-08-24yBK